Responding to chaos: tradition, technology, society and order in japanese design

Salvato in:
Dettagli Bibliografici
Autore principale: Buck, David N
Natura: Libro
Lingua:inglese
Pubblicazione: London, England, United Kingdom Spon 2000
Soggetti:
Tags: Aggiungi Tag
Nessun Tag, puoi essere il primo ad aggiungerne!!

MARC

LEADER 00000nam a2200000 a 4500
001 UCK9144
003 CL-VaPUC
005 20220328170815.0
008 060421e20000000UK |||||||||||||||||eng|d
999 |c 316429  |d 316427 
020 |a 0419251103 
040 |c Pontificia Universidad Católica de Valparaíso 
082 0 4 |a 745.44952 BUC 2000  |2 21 
100 0 |a Buck, David N  |9 498868 
245 1 0 |a Responding to chaos: tradition, technology, society and order in japanese design 
260 0 3 |a London, England, United Kingdom  |b Spon  |c 2000 
300 |a 212 páginas 
583 |a last modification  |c 20060421 00:00:00  |k Rodrigo Vera 
650 7 |a DISEÑO JAPONES  |2 CL-VaPUC  |9 498869 
650 0 |a Historia del arte siglo 20  |9 265287 
650 0 |a Diseño industrial  |9 262726 
650 0 |a Entrevistas  |9 265537 
650 0 |a Estética   |9 264950 
651 0 |a Japón   |9 260391 
942 |c BK  |2 ddc 
945 |d 20060421 00:00:00  |a cmena 
952 |0 0  |1 0  |2 ddc  |4 0  |6 745_449520000000000_BUC_2000  |7 0  |8 A  |9 390799  |a BIBGIM  |b BIBGIM  |d 2019-11-22  |i 4212231  |o 745.44952 BUC 2000  |p 4212231  |r 2025-01-15  |t 1  |w 2019-11-22  |y BK  |k ORI